| 000 | 04321nam0a22006011 4500 | ||
|---|---|---|---|
| 001 | RU\NLR\A1\1793 | ||
| 005 | 20260409064834.0 | ||
| 035 | _a(NLR Aleph) 009671929 | ||
| 090 |
_a9665459 _c9665459 |
||
| 100 | _a19970730d1780 m y0rusy50 ca | ||
| 101 | 0 | _arus | |
| 102 | _aRU | ||
| 135 | _acrcn 024anaba | ||
| 140 | _ay y mayaa0000 | ||
| 200 | 1 | _aСлово на день Петра и Павла. | |
| 210 |
_a[Санкт-петербург _cтип. Сухопут. кадет. корпуса _d1780] |
||
| 215 |
_a40 с. _d4° |
||
| 303 | _aБез тит. л. | ||
| 304 | _aВ конце "Слова" на с.10: Говорено в Петергофе в присудствии ея императорскаго величества и их императорских высочеств Троицкия Сергиевы пустыни архимандритом Иоасафом 1779 года июня 29 дня. | ||
| 316 |
_aЭкз. РНБ (18.295.4.9) в серой бумажной обл. На 1-й с. обл. ярлык с шифром РНБ. Размер: 22,2х18,2х0,4 см _5NLR: 18.295.4.9 |
||
| 317 |
_aЭкз. ЗНБ СГУ из б-ки И.А.Шляпкина _5ЗНБ СГУ |
||
| 321 | 1 | _aСК XVIII 2634 | |
| 325 | _aКопия доступна в Электрон. б-ке РНБ | ||
| 327 | 0 |
_aСлово на день преподобнаго Сергия / [Говорено в Троицкой Сергиевой пустыни... Иоасафом 1779 года июля 5 дня] (С.11-19) _aСлово на день рождения... государя и великаго князя Павла Петровича. / [Сказывано в Зимнем дворце... Иоасафом 1779 года, сентября 20 дня] (С.20-29) _aСлово на новый год [Говоренное в Зимнем дворце... Иоасафом 1780 года] (С.30-40) |
|
| 464 | 0 |
_12001#$aСлово на день преподобнаго Сергия$f[Говорено в Троицкой Сергиевой пустыни... Иоасафом 1779 года июля 5 дня] _1215##$aС.11-19 _tСлово на день преподобнаго Сергия |
|
| 464 | 0 |
_12001#$aСлово на день рождения... государя и великаго князя Павла Петровича$f[Сказывано в Зимнем дворце... Иоасафом 1779 года, сентября 20 дня] _1215##$aС.20-29 _tСлово на день рождения... государя и великаго князя Павла Петровича |
|
| 464 | 0 |
_12001#$aСлово на новый год$f[Говоренное в Зимнем дворце... Иоасафом 1780 года] _1215##$aС.30-40 _tСлово на новый год |
|
| 620 | _dСанкт-Петербург | ||
| 700 | 0 |
_4070 _aИоасаф _cЗаболотский, Иван _cархиепископ Тверской и Кашинский _f1744-1788 _9168797 _3RU\NLR\AUTH\770168847 |
|
| 702 | 1 |
_4390 _8rus _7ca _aШляпкин _bИ. А. _f1858-1918 _gИлья Александрович _3RU\NLR\AUTH\7784674 _967602 |
|
| 712 | 0 | 2 |
_4610 _aСухопутный шляхетный кадетский корпус _cПетербург _bТипография _3RU\NLR\AUTH\880627501 _92659869 |
| 801 | 0 |
_aRU _bNLR _c19970730 |
|
| 852 |
_aNLR _j18.295.4.9 |
||
| 856 | 0 | _uhttps://vivaldi.nlr.ru/bx000019138/view | |
| 856 | 1 | _uhttps://vivaldi.nlr.ru/bx000019138/cover | |
| 856 | 2 | _uhttps://vivaldi.nlr.ru/bx000019138/text | |
| 899 | _aРГБ | ||
| 899 | _aБАН | ||
| 899 | _aЗНБ СГУ | ||
| 899 | _aМГУ | ||
| 899 | _aГПИБ | ||
| 942 | _cBOOK | ||
| 980 | _aNB | ||
| 980 | 3 | _akpcivil2020 | |
| 980 | 3 | _akp2020 | |
| 980 | 3 | _akp | |
| 980 | _aA1XVIIIv | ||
| 981 | 2 | 2 |
_a(22) Материалы по истории России _b(22) Российский императорский дом |
| 981 | 2 | 0 |
_a(20) Книжные памятники РНБ _b(20) Русский книжный фонд |